00354nam a2200133Ia 4500008004100000020001800041245004400059250001100103260003400114300001800148500001400166650002600180650001400206180815s9999 xx 000 0 und d a9781680947229 aDisaster readiness and risk reduction / a2nd ed aNew York :b3G Learningc2018 av, 260 pages. awith DVD. aEmergency management. aSurvival.